|
|
|
|
| LEADER |
00867nam a2200205 i 4500 |
| 003 |
GR-PaULI |
| 005 |
20211122112134.0 |
| 008 |
211122n gr a|||g |||| 00| 0 gre d |
| 952 |
|
|
|0 0
|1 0
|2 ddc
|4 0
|6 782_109000000000000_ΨΗΝ
|7 0
|9 352645
|a THST
|b THST
|d 2021-11-22
|i 015063
|l 0
|o 782.109 ΨΗΝ
|p 025000288416
|r 2021-11-22 00:00:00
|t 1
|w 2021-11-22
|y BK15
|
| 999 |
|
|
|c 206894
|d 206894
|
| 020 |
|
|
|a 9789609432009
|
| 040 |
|
|
|a GR-PaULI
|b gre
|c GR-PaULI
|e AACR2
|
| 082 |
0 |
4 |
|2 23
|a 782.109
|
| 245 |
0 |
0 |
|a Ψήνεσαι για όπερα; /
|c [κείμενα Νίκος Ξανθούλης].
|
| 260 |
|
|
|a Αθήνα :
|b Εθνική Λυρική Σκηνή,
|c [χ.χ.].
|
| 300 |
|
|
|a 59 σ. :
|b εικ. ;
|c 24 εκ.
|
| 700 |
1 |
4 |
|9 188604
|a Ξανθούλης, Νίκος.
|e συγγραφέας
|
| 710 |
0 |
2 |
|9 134108
|a Εθνική Λυρική Σκηνή
|
| 942 |
|
|
|2 ddc
|c BK15
|
| 998 |
|
|
|c ΜΑΝΙΑ
|d 2021-11
|